| 000 | 01362nam0a2200337 4500 | ||
|---|---|---|---|
| 001 | RU\NLR\BIBL_A\022096892 | ||
| 005 | 20260406121135.0 | ||
| 010 |
_a5-900828-06-9 _95000 |
||
| 035 | _a(NLR Aleph) 022096892 | ||
| 090 |
_a12733993 _c12733993 |
||
| 100 | _a20231214d1996 |||y0rusy50 ca | ||
| 101 | 0 | _arus | |
| 102 | _aRU | ||
| 105 | _ac z 000gy | ||
| 181 | 0 |
_ai _baxxe |
|
| 182 | 0 | _an | |
| 200 | 1 |
_aИзбранное _e[стихи] _fА. А. Фет _gсоставитель: Б. Ф. Савин |
|
| 203 |
_aТекст _bвизуальный _cнепосредственный |
||
| 210 |
_aСтаврополь _cГосударственное предприятие Ставропольская краевая типография _d1996 |
||
| 215 |
_a288 с. _cпортр. _d11 |
||
| 225 | 1 |
_aПевец России _fред.: Е. А. Юрлов |
|
| 300 | _aНа обл. и суперобл. только авт.: Афанасий Фет | ||
| 686 | 2 | _aШ6(2=Р)52-5 | |
| 700 | 1 |
_8rus _7ca _aФет _bА. А. _f1820-1892 _gАфанасий Афанасьевич _3RU\NLR\AUTH\77505 _9110554 |
|
| 702 | 1 |
_4220 _8rus _7ca _aСавин _bБ. Ф. _3RU\NLR\AUTH\771653 _9111673 |
|
| 852 |
_aNLR _j72-0/815 |
||
| 942 | _cBOOK | ||
| 980 | _aNB | ||